Digital signal processing : a computer-based approach (Record no. 4725)
[ view plain ]
| 000 -LEADER | |
|---|---|
| fixed length control field | 00669 a2200193 4500 |
| 020 ## - INTERNATIONAL STANDARD BOOK NUMBER | |
| International Standard Book Number | 0070447055 |
| 040 ## - CATALOGING SOURCE | |
| Original cataloging agency | DLC |
| Language of cataloging | DLC |
| 082 ## - DEWEY DECIMAL CLASSIFICATION NUMBER | |
| Classification number | 621.3822 |
| 100 1# - MAIN ENTRY--PERSONAL NAME | |
| Personal name | Mitra, Sanjit Kumar |
| 245 00 - TITLE STATEMENT | |
| Title | Digital signal processing : a computer-based approach |
| Statement of responsibility, etc. | Sanjit K. Mitra |
| 250 ## - EDITION STATEMENT | |
| Edition statement | 2nd ed. |
| 260 ## - PUBLICATION, DISTRIBUTION, ETC. | |
| Place of publication, distribution, etc. | New Delhi : |
| Name of publisher, distributor, etc. | McGraw-Hill, |
| Date of publication, distribution, etc. | 2006 |
| 300 ## - PHYSICAL DESCRIPTION | |
| Extent | xviii, 866 p. : |
| Other physical details | ill. + |
| Accompanying material | 1 CD-ROM |
| 500 ## - GENERAL NOTE | |
| General note | Includes CD-ROM with MATLAB files, examples and more (ISBN 0-07-304386-9) |
| 650 #7 - SUBJECT ADDED ENTRY--TOPICAL TERM | |
| Topical term or geographic name entry element | Digital signalbehandling |
| 650 #7 - SUBJECT ADDED ENTRY--TOPICAL TERM | |
| Topical term or geographic name entry element | Signal processing |
| General subdivision | Digital techniques |
| -- | Data processing |
| 650 #7 - SUBJECT ADDED ENTRY--TOPICAL TERM | |
| Topical term or geographic name entry element | Signal processing - Digital techniques |
| 942 ## - ADDED ENTRY ELEMENTS (KOHA) | |
| Koha item type | Book |
| Call number prefix | 621.3822 MIT |
| Source of classification or shelving scheme | |
| Withdrawn status | Lost status | Damaged status | Not for loan | Collection code | Permanent Location | Current Location | Shelving location | Date acquired | Source of acquisition | Cost, normal purchase price | Total Checkouts | Full call number | Barcode | Date last seen | Price effective from | Koha item type | Total Renewals | Date last checked out |
|---|---|---|---|---|---|---|---|---|---|---|---|---|---|---|---|---|---|---|
| Central Library (CL) | Central Library (CL) | General Stacks | 04/26/2004 | Vanguard Books | 501.50 | 621.3822 MIT | SEECS004404 | 11/14/2012 | 01/05/2017 | Book | ||||||||
| Central Library (CL) | Central Library (CL) | General Stacks | 12/29/2005 | New Public Book | 531.00 | 3 | 621.3822 MIT | SEECS006793 | 04/15/2015 | 01/05/2017 | Book | 2 | 02/08/2015 | |||||
| Central Library (CL) | Central Library (CL) | General Stacks | 04/16/2004 | Allied Book Company | 1288.73 | 621.3822 MIT | SEECS004329 | 03/10/2020 | 01/05/2017 | Book |
